[Event "IND-chT 40th"]
[Site "Ahmedabad"]
[Date "2020.02.11"]
[Round "7.4"]
[White "Sinha, Santosh Kumar"]
[Black "Swapnil, S Dhopade"]
[Result "0-1"]
[WhiteElo "1942"]
[BlackElo "2495"]
[PlyCount "118"]
[EventDate "2020.02.07"]
[EventType "team-swiss"]
[EventRounds "9"]
[EventCountry "IND"]
[SourceTitle "CBM 194 Extra"]
[Source "ChessBase"]
[SourceDate "2020.03.31"]
[SourceVersion "1"]
[SourceVersionDate "2020.03.31"]
[SourceQuality "1"]
[WhiteTeam "Gujarat"]
[BlackTeam "Railways SPB"]
[WhiteTeamCountry "IND"]
[BlackTeamCountry "IND"]

1. Nf3 Nf6 2. c4 e6 3. g3 d5 4. Bg2 dxc4 5. Qa4+ Nbd7 6. 0-0 a6 7. Qxc4 b5 8. Qc2 Bb7 9. d3 c5 10. b3 Be7 11. Bb2 0-0 12. Nbd2 Rc8 13. Rac1 Qb6 14. Qb1 Rfd8 15. Rfd1 Bf8 16. Qa1 Nd5 17. a3 Qa7 18. Nf1 Qa8 19. h4 Ne7 20. Ne3 Nc6 21. h5 h6 22. Bh3 Nb6 23. Ng4 Rd5 24. Ne3 Rdd8 25. Rc2 Na5 26. Nd2 Nc6 27. Nf3 Na5 28. Nd2 Nd5 29. Ng4 Ne7 30. Ne3 Nd5 31. Ng4 Ne7 32. Ne3 Qa7 33. Rdc1 Qb6 34. Kh2 Nec6 35. Re1 Nd4 36. Rc3 Nac6 37. Rcc1 Rc7 38. Bc3 Rcd7 39. Qa2 Be7 40. Ba1 Bf8 41. Qb2 Rc7 42. Ng2 Ne5 43. Ne3 Nd7 44. b4 Nf6 45. bxc5 Rxc5 46. Rxc5 Qxc5 47. a4 Qxh5 48. axb5 axb5 49. Nb3 Bb4 50. Nd2 Ba5 51. Qa2 Bb6 52. Ndf1 b4 53. Qd2 b3 54. Bc3 Nd5 55. Bb2 e5 56. Nxd5 Bxd5 57. g4 Qh4 58. Ng3 Ne6 59. e4 Nf4 0-1

[Event "Commonwealth-ch"]
[Site "New Delhi"]
[Date "2018.07.02"]
[Round "8"]
[White "Vantika, Agrawal"]
[Black "Sinha, Santosh Kumar"]
[Result "1-0"]
[WhiteElo "2279"]
[BlackElo "1984"]
[PlyCount "89"]
[EventDate "2018.06.26"]
[EventType "swiss"]
[EventRounds "9"]
[EventCountry "IND"]
[SourceTitle "CBM 185 Extra"]
[Source "ChessBase"]
[SourceDate "2018.07.29"]
[SourceVersion "1"]
[SourceVersionDate "2018.07.29"]
[SourceQuality "1"]

1. d4 d5 2. c4 e6 3. Nf3 c6 4. g3 Nd7 5. Bg2 Bd6 6. 0-0 f5 7. Qc2 Ndf6 8. Ne5 Ne7 9. Nd2 0-0 10. Ndf3 Qe8 11. Bf4 Nh5 12. Bd2 Ng6 13. b4 Bd7 14. a4 Nf6 15. b5 Ne4 16. bxc6 Bxc6 17. Nxc6 Qxc6 18. Rfc1 Rac8 19. Ng5 Be7 20. Nxe4 fxe4 21. Qb1 Qd7 22. Qb5 Qd6 23. cxd5 Qxd5 24. Qxd5 exd5 25. Bh3 Rxc1+ 26. Rxc1 Rf6 27. a5 b5 28. Rc7 Kf7 29. Rxa7 Rc6 30. a6 Kf6 31. Bd7 Rc2 32. Be3 b4 33. Rb7 Rxe2 34. a7 Ra2 35. Rb6+ Bd6 36. Rxd6+ Ke7 37. Rxd5 b3 38. Bg5+ Kf7 39. Rf5+ Kg8 40. Be6+ Kh8 41. Rb5 Ra1+ 42. Kg2 h6 43. Rb8+ Kh7 44. Bg8+ Kh8 45. Bxb3+ 1-0

[Event "Commonwealth-ch"]
[Site "New Delhi"]
[Date "2018.06.27"]
[Round "2"]
[White "Kobese, Watu"]
[Black "Sinha, Santosh Kumar"]
[Result "1-0"]
[WhiteElo "2349"]
[BlackElo "1984"]
[PlyCount "184"]
[EventDate "2018.06.26"]
[EventType "swiss"]
[EventRounds "9"]
[EventCountry "IND"]
[SourceTitle "CBM 185 Extra"]
[Source "ChessBase"]
[SourceDate "2018.07.29"]
[SourceVersion "1"]
[SourceVersionDate "2018.07.29"]
[SourceQuality "1"]

1. e4 e5 2. Nf3 Nc6 3. Bb5 a6 4. Ba4 Nf6 5. 0-0 Be7 6. Re1 b5 7. Bb3 0-0 8. d4 d6 9. c3 Bg4 10. d5 Na5 11. Bc2 c6 12. h3 Bc8 13. dxc6 Nxc6 14. Nbd2 Qc7 15. Nf1 Bb7 16. Ng3 g6 17. a4 b4 18. c4 a5 19. Bh6 Rfe8 20. Nf1 Nd8 21. b3 Ne6 22. Qd2 Bc6 23. Ng3 Nc5 24. Ng5 Nfd7 25. f4 exf4 26. Qxf4 Ne5 27. Nf5 Ncd3 28. Bxd3 Nxd3 29. Qh4 Qa7+ 30. Kh2 Qf2 31. Re3 gxf5 32. Qh5 Ne5 33. Nxf7 Ng6 34. Rg3 Qxg3+ 35. Kxg3 f4+ 36. Bxf4 Nxf4 37. Nh6+ Kh8 38. Kxf4 Bf6 39. Re1 Re7 40. Nf5 Re6 41. Kf3 Rae8 42. Qg4 Bc3 43. Re3 Rg6 44. Qh4 Rf8 45. g4 Bf6 46. Qe1 Bd4 47. Re2 Re6 48. Qd2 Bc3 49. Qd3 h5 50. Re3 Rg6 51. Ke2 Be5 52. Kd1 Rff6 53. Qe2 Be8 54. Kc2 Re6 55. Rf3 Bc6 56. gxh5 Rg1 57. Nh4 Bg7 58. Rf4 Bh6 59. Ng6+ Kg7 60. Qf2 Rgxg6 61. Rf7+ Kg8 62. hxg6 Bxe4+ 63. Kd1 Bxg6 64. Rf6 Bh5+ 65. Kc2 Bg6+ 66. Rxg6+ Rxg6 67. c5 dxc5 68. Qxc5 Rg5 69. Qe7 Rg2+ 70. Kd3 Rg3+ 71. Kc4 Rg5 72. h4 Rg6 73. Kb5 Bf8 74. Qe4 Kf7 75. Kxa5 Re6 76. Qd5 Kf6 77. Qg5+ Kf7 78. Kb5 Bd6 79. Qf5+ Ke7 80. Qh7+ Kd8 81. a5 Be7 82. a6 Kc7 83. Qg7 Rb6+ 84. Kc4 Rc6+ 85. Kd5 Rd6+ 86. Ke5 Kd7 87. Qg4+ Kc7 88. Qg7 Kd7 89. a7 Ra6 90. Qg4+ Kd8 91. a8Q+ Rxa8 92. Qg8+ Bf8 1-0

[Event "Bhopal op"]
[Site "Bhopal"]
[Date "2017.12.22"]
[Round "2"]
[White "Gukesh, Dommaraju"]
[Black "Sinha, Santosh Kumar"]
[Result "0-1"]
[WhiteElo "2362"]
[BlackElo "1952"]
[PlyCount "86"]
[EventDate "2017.12.21"]
[EventType "swiss"]
[EventRounds "10"]
[EventCountry "IND"]
[SourceTitle "CBM 182 Extra"]
[Source "ChessBase"]
[SourceDate "2018.02.23"]
[SourceVersion "1"]
[SourceVersionDate "2018.02.23"]
[SourceQuality "1"]

1. Nf3 Nf6 2. g3 c5 3. Bg2 Nc6 4. 0-0 e5 5. d3 d5 6. Nbd2 Be7 7. e4 d4 8. Nc4 Nd7 9. a4 b6 10. Nfd2 0-0 11. f4 Qc7 12. c3 Ba6 13. f5 Rfe8 14. h4 Rab8 15. Qe1 Qd8 16. Bf3 Nf8 17. Be2 Rb7 18. Kg2 Bf6 19. Rh1 Rd7 20. g4 h6 21. Qg3 Nh7 22. Qh3 Kf8 23. Bf1 Qa8 24. Qg3 Kg8 25. Be2 Qd8 26. Rh3 g6 27. fxg6 fxg6 28. Bd1 Bg7 29. Bb3 Kh8 30. Nf1 Rf8 31. Bd2 Bc8 32. Rh2 dxc3 33. Bxc3 Rxd3 34. Nfe3 Nd4 35. Bd1 Bb7 36. Kg1 Bxe4 37. Rf2 Rxf2 38. Qxf2 Bf6 39. Qg3 Qe7 40. Nd2 Bxh4 41. Qh3 Bb7 42. g5 Qxg5+ 43. Kf1 Rxe3 0-1

[Event "IND-ch Challengers 55th"]
[Site "Ahmedabad"]
[Date "2017.08.14"]
[Round "2"]
[White "Sinha, Santosh Kumar"]
[Black "Debashis, Das"]
[Result "0-1"]
[WhiteElo "2034"]
[BlackElo "2493"]
[PlyCount "128"]
[EventDate "2017.08.13"]
[EventType "swiss"]
[EventRounds "13"]
[EventCountry "IND"]
[SourceTitle "CBM 180 Extra"]
[Source "ChessBase"]
[SourceDate "2017.10.06"]
[SourceVersion "1"]
[SourceVersionDate "2017.10.06"]
[SourceQuality "1"]

1. e4 c5 2. Nf3 d6 3. d4 cxd4 4. Nxd4 Nf6 5. Nc3 a6 6. Be3 e5 7. Nb3 Be6 8. Be2 Be7 9. 0-0 0-0 10. a4 Nc6 11. f4 exf4 12. Rxf4 Ne8 13. Rf1 Bf6 14. Kh1 Be5 15. Nd4 Nf6 16. Bf3 Rc8 17. Qd2 Nxd4 18. Bxd4 Nd7 19. Rad1 Rc6 20. Qf2 Qc7 21. Qe3 Rc8 22. Be2 Bxd4 23. Qxd4 Ne5 24. Rb1 Qe7 25. Rf4 Qd8 26. h3 h6 27. Kh2 Qa5 28. Rff1 Qc7 29. Kh1 Qe7 30. Qf2 Nd7 31. Rbe1 Rc5 32. Bd3 Ne5 33. Qg3 Qd8 34. Re2 Qb6 35. Nd1 Qb4 36. b3 Qd4 37. Re3 b5 38. axb5 axb5 39. Rfe1 b4 40. Kh2 Ra8 41. R1e2 Ra1 42. Rd2 Ng6 43. Qf2 Qe5+ 44. g3 Qh5 45. Qf1 Ne5 46. Be2 Ng4+ 47. Bxg4 Bxg4 48. Re1 Rc1 49. Nf2 R1xc2 50. Qd3 Rxd2 51. Qxd2 Be6 52. Re3 Qe5 53. Qxb4 Rc2 54. Qe1 Qb2 55. Kg2 Bxb3 56. Rf3 Be6 57. Qa5 Qd4 58. Qa8+ Kh7 59. g4 d5 60. Qd8 Qe5 61. Qb6 dxe4 62. Ra3 Bd5 63. Qe3 Qb2 64. Kg3 Re2 0-1

[Event "New Delhi Parsvnath op 6th"]
[Site "New Delhi"]
[Date "2008.01.15"]
[Round "5"]
[White "Thejkumar, MS."]
[Black "Sinha, Santosh Kumar"]
[Result "1/2-1/2"]
[WhiteElo "2382"]
[BlackElo "2190"]
[PlyCount "200"]
[EventDate "2008.01.13"]
[EventType "swiss"]
[EventRounds "10"]
[EventCountry "IND"]
[SourceTitle "CBM 122 Extra"]
[Source "ChessBase"]
[SourceDate "2008.03.04"]
[SourceVersion "1"]
[SourceVersionDate "2008.03.04"]
[SourceQuality "1"]

1. d4 Nf6 2. Nf3 g6 3. Bf4 Bg7 4. e3 d6 5. h3 Nbd7 6. c4 0-0 7. Nc3 Re8 8. Be2 b6 9. 0-0 Bb7 10. Qc2 e5 11. Bg5 Qb8 12. d5 h6 13. Bh4 a5 14. Nd2 Nh7 15. g4 Nc5 16. Kh2 Bc8 17. Rg1 Bd7 18. Nde4 Nxe4 19. Nxe4 Qc8 20. Bd3 Kh8 21. f3 Rf8 22. Be7 Re8 23. Bh4 Rg8 24. Rg2 Qf8 25. Rag1 Re8 26. b3 Ra8 27. a3 f5 28. gxf5 Bxf5 29. Nd2 Bxd3 30. Qxd3 g5 31. Be1 Qf7 32. Rf1 Raf8 33. b4 axb4 34. axb4 Qf5 35. Qe2 Rf7 36. Ne4 Rgf8 37. Rg4 Qd7 38. Bc3 Nf6 39. Nxf6 Rxf6 40. Kg2 Rf5 41. Qd3 h5 42. Rg3 Qf7 43. Qe4 Ra8 44. Rf2 Ra3 45. Bd2 Bh6 46. Bc1 Ra4 47. Bd2 Ra2 48. Qb1 Ra8 49. e4 Rf6 50. Bxg5 Bxg5 51. Rxg5 Rg8 52. Rxg8+ Qxg8+ 53. Kh2 Rg6 54. f4 exf4 55. Qb2+ Kh7 56. Rxf4 Qe8 57. e5 dxe5 58. Rf5 e4 59. Qe5 Qxe5+ 60. Rxe5 Kh6 61. Rxe4 Kg5 62. Re6 Rg7 63. Kg3 Kf5+ 64. Kf2 b5 65. cxb5 Rd7 66. Rc6 Ke4 67. d6 cxd6 68. b6 Rf7+ 69. Ke2 Kd5 70. b5 Re7+ 71. Kf3 Rb7 72. Kf4 h4 73. Kg4 Re7 74. Kg5 Re5+ 75. Kxh4 Re4+ 76. Kg3 Rb4 77. Rc7 Rxb5 78. b7 Ke6 79. Kf4 Rb4+ 80. Ke3 Kf5 81. Kd3 Ke5 82. h4 Kf5 83. h5 Kg5 84. Kc3 Rb1 85. Kd4 Kxh5 86. Kd5 Rb6 87. Ke6 Kg5 88. Kd7 Kf4 89. Rc4+ Ke3 90. Kc7 Rxb7+ 91. Kxb7 d5 92. Rc3+ Ke2 93. Rc2+ Ke3 94. Kc6 d4 95. Kd5 d3 96. Rc3 Ke2 97. Ke4 d2 98. Re3+ Kf2 99. Rd3 Ke2 100. Rxd2+ Kxd2 1/2-1/2

[Event "New Delhi Parsvnath op 6th"]
[Site "New Delhi"]
[Date "2008.01.14"]
[Round "3"]
[White "Rahman, Md Taibur"]
[Black "Sinha, Santosh Kumar"]
[Result "1-0"]
[WhiteElo "2325"]
[BlackElo "2190"]
[PlyCount "61"]
[EventDate "2008.01.13"]
[EventType "swiss"]
[EventRounds "10"]
[EventCountry "IND"]
[SourceTitle "CBM 122 Extra"]
[Source "ChessBase"]
[SourceDate "2008.03.04"]
[SourceVersion "1"]
[SourceVersionDate "2008.03.04"]
[SourceQuality "1"]

1. d4 Nf6 2. Bg5 Ne4 3. Bf4 d5 4. e3 e6 5. Bd3 b6 6. Nf3 Be7 7. 0-0 0-0 8. Nbd2 Bb7 9. a4 c5 10. c3 cxd4 11. exd4 Bd6 12. Bxd6 Nxd6 13. Ne5 Nc6 14. f4 g6 15. Qe2 a5 16. Ndf3 Ra7 17. h4 Ne7 18. h5 Nef5 19. hxg6 hxg6 20. Ng5 Ng3 21. Qg4 Ndf5 22. Bxf5 Nxf5 23. Qh3 Kg7 24. Qh7+ Kf6 25. Ngxf7 Qc8 26. Ng5 Ne7 27. Ng4+ Kf5 28. Qxe7 Kxg4 29. Nf3 Qd8 30. Qxe6+ Kxf4 31. Ne5+ 1-0

[Event "Jalandhar act"]
[Site "Jalandhar"]
[Date "2000.??.??"]
[Round "9"]
[White "Sinha, Santosh Kumar"]
[Black "Ramesh, Ramachandran B"]
[Result "0-1"]
[WhiteElo "2216"]
[BlackElo "2443"]
[PlyCount "40"]
[EventDate "2000.06.??"]
[EventType "tourn (rapid)"]
[EventRounds "12"]
[EventCountry "IND"]
[SourceTitle "EXT 2001"]
[Source "ChessBase"]
[SourceDate "2000.11.22"]
[SourceVersion "1"]
[SourceVersionDate "2000.11.22"]
[SourceQuality "1"]

1. d4 Nf6 2. c4 g6 3. Nc3 Bg7 4. e4 d6 5. Nf3 0-0 6. Be2 e5 7. 0-0 Nc6 8. d5 Ne7 9. Ne1 Nd7 10. Be3 f5 11. f3 f4 12. Bf2 g5 13. a4 a6 14. a5 Rf6 15. Nd3 Rh6 16. c5 Qe8 17. Qb3 Qh5 18. h3 Nxc5 19. Nxc5 Bxh3 20. g4 Bxg4 0-1